| 000 | 00999cab a2200253 4500 | ||
|---|---|---|---|
| 001 | ABS46832 | ||
| 008 | 090401t1992 xxu||||| |||| 00| 0 eng d | ||
| 035 | _a(Sirsi) u59628 | ||
| 041 | _aeng | ||
| 100 | _aBeaman, M. | ||
| 245 | _aOpen market value is redefined | ||
| 260 | _c1992 | ||
| 350 | _a0 | ||
| 490 |
_aCS Monthly : Rural Practice _v1(10) July 1992, 5(1) |
||
| 520 | _aDiscusses the revisions to the RICS Red Book to incorporate the new definition of open market value with effect from 1 June 1992. The principle change in the definition being that the `reasonable period` for marketing the interest is now to be assumed to have taken place before the valuation date which is assumed to coincide with the date of completion of sale. | ||
| 650 | _aOPEN MARKET VALUE | ||
| 650 | _aREASONABLE PERIOD | ||
| 650 | _aRICS APPRAISAL AND VALUATION MANUAL | ||
| 650 | _aSAVP NO 2 | ||
| 650 | _aVALUATION DATE | ||
| 690 | _aRATING AND VALUATION | ||
| 942 | _n0 | ||
| 948 | _c04/03/1997 | ||
| 999 |
_c36609 _d36609 |
||